La educación en derechos humanos como pedagogía de la alteridad : cinco tesis a partir de la historia de vida de Rodolfo Stavenhagen (Record no. 162447)
[ view plain ]
| 000 -CABECERA | |
|---|---|
| campo de control de longitud fija | 00602nab a2200193 a 4500 |
| 005 - FECHA Y HORA DE LA ÚLTIMA TRANSACCIÓN | |
| campo de control | 20210219161711.0 |
| 008 - ELEMENTOS DE LONGITUD FIJA--INFORMACIÓN GENERAL | |
| campo de control de longitud fija | 991125s1985 mx 000 0 spa u |
| 035 ## - NÚMERO DE CONTROL DEL SISTEMA | |
| Número de control de sistema | UPN01000190344 |
| 100 1# - ASIENTO PRINCIPAL--NOMBRE PERSONAL | |
| Nombre de persona | Argüe Parra, Andrés |
| 222 ## - TÍTULO CLAVE | |
| Título clave | PERFILES EDUCATIVOS |
| 245 ## - MENCIÓN DE TÍTULO | |
| Título | La educación en derechos humanos como pedagogía de la alteridad : cinco tesis a partir de la historia de vida de Rodolfo Stavenhagen |
| 260 ## - PUBLICACIÓN, DISTRIBUCIÓN, ETC. | |
| Lugar de publicación, distribución, etc. | México |
| 300 ## - DESCRIPCIÓN FÍSICA | |
| Extensión | 148-166 |
| 653 0# - TERMINO DE INDIZACION - NO CONTROLADO | |
| Término no controlado | DISCRIMINACION |
| 653 0# - TERMINO DE INDIZACION - NO CONTROLADO | |
| Término no controlado | DERECHOS HUMANOS |
| 653 0# - TERMINO DE INDIZACION - NO CONTROLADO | |
| Término no controlado | HISTORIAS DE VIDA |
| 653 0# - TERMINO DE INDIZACION - NO CONTROLADO | |
| Término no controlado | FILOSOFIA EDUCATIVA |
| 905 ## - TIPO DE MATERIAL | |
| Tipo de material | Articulo |
No items available.
